[Event "Titled Tuesday intern op 20th Jun Late"]
[Site "Chess.com INT"]
[Date "2023.06.20"]
[Round "5"]
[White "Janaszak, Dawid"]
[Black "Quiroga Jaquez, Angel Ivan"]
[Result "0-1"]
[WhiteElo "2316"]
[BlackElo "2047"]
[PlyCount "86"]
[EventDate "2023.06.20"]
[EventType "swiss (blitz)"]
[EventRounds "11"]
[EventCountry "USA"]
[SourceTitle "EXT 2024"]
[Source "ChessBase"]
[SourceDate "2023.10.10"]
[SourceVersion "1"]
[SourceVersionDate "2023.10.10"]
[SourceQuality "1"]

1. e4 e5 2. Nf3 Nc6 3. d4 exd4 4. Nxd4 Bb4+ 5. Bd2 Bc5 6. Nf5 g6 7. Be3 Bb6 8. Bxb6 axb6 9. Ne3 Nge7 10. c4 d6 11. Nc3 0-0 12. Be2 f5 13. exf5 Nxf5 14. Nxf5 Bxf5 15. 0-0 Qe7 16. Bf3 Rae8 17. Qd2 Ne5 18. Bxb7 c6 19. Bxc6 Nxc6 20. Qd5+ Qf7 21. Qxc6 Bd3 22. Rfd1 Qxf2+ 23. Kh1 Bf5 24. Qxd6 Qxb2 25. Qd4 Bc2 26. Re1 Rd8 27. Qe5 Bf5 28. Nd5 Qxe5 29. Rxe5 Rd6 30. h3 Bd3 31. Rc1 Rf2 32. a4 Kf7 33. Re3 Bf5 34. Rb3 Be4 35. Ne3 Rdd2 36. Kg1 Rfe2 37. Rf1+ Kg7 38. Rf4 Bxg2 39. Rxb6 Re1+ 40. Kh2 Be4+ 41. Kg3 Rxe3+ 42. Kh4 Bf5 43. Rb7+ Kh6 0-1

[Event "Titled Tuesday intern op 20th Jun Late"]
[Site "Chess.com INT"]
[Date "2023.06.20"]
[Round "2"]
[White "Ricaurte Lopez, Juan Carlos"]
[Black "Quiroga Jaquez, Angel Ivan"]
[Result "0-1"]
[WhiteElo "2226"]
[BlackElo "2047"]
[PlyCount "74"]
[EventDate "2023.06.20"]
[EventType "swiss (blitz)"]
[EventRounds "11"]
[EventCountry "USA"]
[SourceTitle "EXT 2024"]
[Source "ChessBase"]
[SourceDate "2023.10.10"]
[SourceVersion "1"]
[SourceVersionDate "2023.10.10"]
[SourceQuality "1"]

1. e4 e5 2. d4 exd4 3. c3 d3 4. Bxd3 Nc6 5. f4 d6 6. Nf3 g6 7. 0-0 Bg7 8. a4 Nge7 9. Na3 0-0 10. Kh1 f5 11. Ng5 Qe8 12. exf5 Bxf5 13. Re1 Qd7 14. Bc4+ d5 15. Ba2 h6 16. Nf3 Kh7 17. Nb5 Rad8 18. Nbd4 Be4 19. Nxc6 Nxc6 20. Be3 Kh8 21. Nd4 Qh3 22. Qd2 Nxd4 23. Bxd4 Qf5 24. Bxg7+ Kxg7 25. Rf1 c6 26. Kg1 Kh7 27. Rad1 Rfe8 28. c4 d4 29. b4 b6 30. h3 h5 31. Qf2 c5 32. b5 Qf6 33. Rd2 d3 34. Rfd1 Bf5 35. Bb1 Qc3 36. Qf3 Qxc4 37. g4 Qd4+ 0-1

[Event "North American-ch U20"]
[Site "Mexico City"]
[Date "2022.12.03"]
[Round "4"]
[White "Quiroga Jaquez, Angel Ivan"]
[Black "Shundi, Matias"]
[Result "0-1"]
[WhiteElo "2098"]
[BlackElo "2046"]
[PlyCount "106"]
[EventDate "2022.12.02"]
[EventType "swiss"]
[EventRounds "9"]
[EventCountry "MEX"]
[SourceTitle "CBM 211 Extra"]
[Source "ChessBase"]
[SourceDate "2023.01.31"]
[SourceVersion "1"]
[SourceVersionDate "2023.01.31"]
[SourceQuality "1"]

1. d4 Nf6 2. c4 g6 3. Nc3 d5 4. cxd5 Nxd5 5. Qb3 Nxc3 6. bxc3 Bg7 7. e4 c5 8. d5 0-0 9. Bd2 Nd7 10. Be2 Qc7 11. Nf3 Rd8 12. 0-0 Nf6 13. Qc2 e6 14. d6 Qc6 15. e5 Nd7 16. Bf4 c4 17. Rab1 Rb8 18. Nd4 Qa6 19. Bg5 Re8 20. Nb5 Nxe5 21. Nc7 Qc6 22. Nxe8 Qxe8 23. f4 Nc6 24. Bxc4 Na5 25. Be2 Qc6 26. Bf3 Qxd6 27. Rfd1 Qc5+ 28. Kh1 h6 29. Bh4 Nc4 30. Bf2 Qc7 31. Qd3 Bf6 32. Bxa7 Ra8 33. Bd4 e5 34. Bd5 exd4 35. Bxc4 Bf5 36. Qf1 Bxb1 37. Rxb1 dxc3 38. Bb3 Rd8 39. f5 g5 40. Rd1 Rxd1 41. Qxd1 Qf4 42. Bc2 Qf2 43. a4 Bd4 44. Bd3 Kg7 45. Bb1 b6 46. Bc2 Kf6 47. Qb1 h5 48. Qd1 g4 49. Qc1 Be3 50. Qd1 Bd2 51. Qb1 h4 52. Be4 Kg5 53. Qd1 Kf4 0-1

[Event "Pan American-ch U20"]
[Site "Pereira"]
[Date "2022.08.28"]
[Round "9"]
[White "Gonzalez Mojica, Renan Arturo"]
[Black "Quiroga Jaquez, Angel Ivan"]
[Result "1/2-1/2"]
[WhiteElo "1970"]
[BlackElo "2151"]
[PlyCount "143"]
[EventDate "2022.08.23"]
[EventType "swiss"]
[EventRounds "9"]
[EventCountry "COL"]
[SourceTitle "CBM 210 Extra"]
[Source "ChessBase"]
[SourceDate "2022.11.30"]
[SourceVersion "1"]
[SourceVersionDate "2022.11.30"]
[SourceQuality "1"]

1. d4 Nf6 2. c4 e6 3. Nc3 d5 4. cxd5 exd5 5. Bg5 Be7 6. e3 c6 7. Bd3 Nbd7 8. Qc2 Nh5 9. Bxe7 Qxe7 10. Nge2 g6 11. 0-0 0-0 12. Ng3 Nxg3 13. hxg3 Nf6 14. Rab1 Ng4 15. Rfe1 Bd7 16. b4 Rae8 17. Qd2 Qg5 18. f3 Nh6 19. Qf2 Bf5 20. e4 dxe4 21. Bxe4 Qd8 22. b5 Bxe4 23. Rxe4 Nf5 24. bxc6 bxc6 25. g4 Nd6 26. Rxe8 Rxe8 27. d5 Qf6 28. Qc5 cxd5 29. Nxd5 Qe6 30. Rd1 Rc8 31. Qxa7 Qe2 32. Qd4 Ne8 33. Qd2 Qxd2 34. Rxd2 Ra8 35. Kf2 Kf8 36. Ke2 Ra3 37. Nb4 Nc7 38. Rd3 Ra4 39. a3 Nb5 40. Nc2 h6 41. Rb3 Nc7 42. Rb4 Ra7 43. Kd3 Ne6 44. Rc4 Ke7 45. a4 Rxa4 46. Rxa4 Nc5+ 47. Kd4 Nxa4 48. Ne3 Kf6 49. f4 Ke6 50. f5+ Kf6 51. fxg6 fxg6 52. Ke4 Kg5 53. Kf3 Kh4 54. Nc4 Kg5 55. Ne5 Kf6 56. Nc4 Nc5 57. Nd2 Ne6 58. Ne4+ Ke5 59. Nd2 Ng5+ 60. Ke3 Ne6 61. Nf3+ Kf6 62. Ke4 g5 63. g3 Nc5+ 64. Kd4 Nb3+ 65. Kc3 Na5 66. Kd4 Nc6+ 67. Kd5 Ne7+ 68. Kd6 Ng8 69. Nd2 Kf7 70. Ke5 Nf6 71. Kf5 Nd5 72. Nc4 1/2-1/2

[Event "Pan American-ch U20"]
[Site "Pereira"]
[Date "2022.08.27"]
[Round "8"]
[White "Quiroga Jaquez, Angel Ivan"]
[Black "Esmeraldas Huachi, Anderson Yahir"]
[Result "0-1"]
[WhiteElo "2151"]
[BlackElo "2081"]
[PlyCount "118"]
[EventDate "2022.08.23"]
[EventType "swiss"]
[EventRounds "9"]
[EventCountry "COL"]
[SourceTitle "CBM 210 Extra"]
[Source "ChessBase"]
[SourceDate "2022.11.30"]
[SourceVersion "1"]
[SourceVersionDate "2022.11.30"]
[SourceQuality "1"]

1. Nf3 Nf6 2. e3 d5 3. b3 g6 4. Bb2 Bg7 5. d4 0-0 6. Bd3 b6 7. 0-0 Bb7 8. Ne5 Nbd7 9. f4 e6 10. Nd2 c5 11. Qe2 Rc8 12. Rfd1 Rc7 13. Rac1 Qa8 14. c4 Rd8 15. a3 Ne4 16. cxd5 exd5 17. Nxe4 dxe4 18. Bc4 Nxe5 19. dxe5 Bd5 20. Bxd5 Rxd5 21. Rxd5 Qxd5 22. Rd1 Qxb3 23. Rd8+ Bf8 24. Qd2 Re7 25. h3 Qb5 26. g4 Re8 27. Rd7 Bg7 28. Rxa7 Qd3 29. Rd7 Qxd2 30. Rxd2 Bf8 31. Kf2 c4 32. f5 Ra8 33. e6 fxe6 34. fxe6 Re8 35. Rc2 b5 36. a4 bxa4 37. Rxc4 a3 38. Bxa3 Bxa3 39. Rxe4 Bd6 40. h4 Kf8 41. Kf3 Ke7 42. Ra4 Kxe6 43. Ra5 Rf8+ 44. Ke4 h6 45. Ra7 Rf1 46. Rh7 Bf8 47. Ra7 Be7 48. h5 g5 49. Ra4 Bd6 50. Kd3 Rf2 51. Ke4 Rf1 52. Kd3 Kd5 53. Ra5+ Bc5 54. Ra6 Rg1 55. Rxh6 Rxg4 56. Rg6 Rg3 57. h6 Bxe3 58. h7 Bf4+ 59. Ke2 Rh3 0-1

[Event "Mexican op 67th"]
[Site "Chihuahua City"]
[Date "2022.04.17"]
[Round "9"]
[White "Quiroga Jaquez, Angel Ivan"]
[Black "Guerrero Cataldo, Juan Andres"]
[Result "1-0"]
[WhiteElo "2185"]
[BlackElo "1923"]
[PlyCount "119"]
[EventDate "2022.04.12"]
[EventType "swiss"]
[EventRounds "9"]
[EventCountry "MEX"]
[SourceTitle "CBM 207 Extra"]
[Source "ChessBase"]
[SourceDate "2022.05.31"]
[SourceVersion "1"]
[SourceVersionDate "2022.05.31"]
[SourceQuality "1"]

1. d4 Nf6 2. c4 g6 3. Nc3 d5 4. cxd5 Nxd5 5. e4 Nxc3 6. bxc3 c5 7. Bc4 Bg7 8. Ne2 Nc6 9. Be3 cxd4 10. cxd4 Qa5+ 11. Qd2 Qxd2+ 12. Kxd2 0-0 13. Rab1 Rd8 14. Bd5 Nxd4 15. Bxd4 Bxd4 16. Nxd4 e6 17. Bxe6 Bxe6 18. Ke3 Bxa2 19. Rxb7 Rdb8 20. Rxb8+ Rxb8 21. Rc1 a5 22. Rc2 Bb1 23. Rc4 Rb2 24. g4 Kg7 25. e5 Rb7 26. Ra4 Rc7 27. Rxa5 Rc3+ 28. Ke2 Rc4 29. Rd5 Be4 30. Rd7 Bc6 31. Rd6 Bb7 32. f4 Bc8 33. Kd3 Ra4 34. f5 gxf5 35. gxf5 Ra3+ 36. Ke4 Rh3 37. Rd8 Bb7+ 38. Kf4 Rxh2 39. f6+ Kh6 40. e6 fxe6 41. Ke5 Rf2 42. Kxe6 Ba6 43. Ke7 Bc4 44. Rd6 Kg5 45. Rc6 Ba2 46. Rc5+ Kg6 47. Rc6 Kg5 48. Ra6 Bc4 49. Ra4 Ba2 50. Nf3+ Rxf3 51. Rxa2 h5 52. Rg2+ Kh4 53. f7 Kh3 54. Rg6 Rxf7+ 55. Kxf7 h4 56. Kf6 Kh2 57. Kf5 h3 58. Kf4 Kh1 59. Kg3 h2 60. Rb6 1-0

[Event "Mexican op 67th"]
[Site "Chihuahua City"]
[Date "2022.04.16"]
[Round "8"]
[White "Quiroga Jaquez, Angel Ivan"]
[Black "Rascon Vega, Alfonso Carlos"]
[Result "0-1"]
[WhiteElo "2185"]
[BlackElo "2108"]
[PlyCount "64"]
[EventDate "2022.04.12"]
[EventType "swiss"]
[EventRounds "9"]
[EventCountry "MEX"]
[SourceTitle "CBM 207 Extra"]
[Source "ChessBase"]
[SourceDate "2022.05.31"]
[SourceVersion "1"]
[SourceVersionDate "2022.05.31"]
[SourceQuality "1"]

1. Nf3 g6 2. d4 Bg7 3. g3 Nf6 4. Bg2 0-0 5. 0-0 d6 6. b3 c6 7. Bb2 Qa5 8. h3 Qh5 9. g4 Qa5 10. Nbd2 Nbd7 11. e4 h5 12. e5 dxe5 13. dxe5 Nd5 14. Nc4 Qc7 15. Qd4 hxg4 16. hxg4 Rd8 17. Ne3 Nf8 18. Nxd5 cxd5 19. Ne1 Ne6 20. Qd2 Bxe5 21. Bxe5 Qxe5 22. Nd3 Qg5 23. Qd1 Nf4 24. Nxf4 Qxf4 25. f3 e5 26. Qe2 Qd4+ 27. Kh2 Kg7 28. Rae1 Rh8+ 29. Bh3 Qf4+ 30. Kg2 Rxh3 31. Kxh3 Bxg4+ 32. Kg2 Bh3+ 0-1

[Event "Mexican op 66th"]
[Site "Villahermosa"]
[Date "2021.08.07"]
[Round "7"]
[White "Quiroga Jaquez, Angel Ivan"]
[Black "Capo Vidal, Uriel"]
[Result "0-1"]
[WhiteElo "2227"]
[BlackElo "2280"]
[PlyCount "52"]
[EventDate "2021.08.04"]
[EventType "swiss"]
[EventRounds "8"]
[EventCountry "MEX"]
[SourceTitle "CBM 203 Extra"]
[Source "ChessBase"]
[SourceDate "2021.09.30"]
[SourceVersion "1"]
[SourceVersionDate "2021.09.30"]
[SourceQuality "1"]

1. d4 d5 2. c4 e6 3. cxd5 exd5 4. Nc3 Be7 5. Qc2 c6 6. Nf3 Nf6 7. Bg5 g6 8. e3 Bf5 9. Bd3 Bxd3 10. Qxd3 0-0 11. 0-0 Nbd7 12. h3 Nh5 13. Bxe7 Qxe7 14. Rfc1 f5 15. b4 Rae8 16. b5 g5 17. bxc6 bxc6 18. Nh2 g4 19. hxg4 fxg4 20. Nxg4 Qh4 21. Qe2 Re6 22. f3 Rg6 23. Nh2 Ng3 24. Qe1 Rh6 25. Ng4 Qxg4 26. Kf2 Rxf3+ 0-1

[Event "Mexican op 66th"]
[Site "Villahermosa"]
[Date "2021.08.04"]
[Round "1"]
[White "Quiroga Jaquez, Angel Ivan"]
[Black "Ozuna Ramos, Kevin"]
[Result "1-0"]
[WhiteElo "2227"]
[BlackElo "1845"]
[PlyCount "77"]
[EventDate "2021.08.04"]
[EventType "swiss"]
[EventRounds "8"]
[EventCountry "MEX"]
[SourceTitle "CBM 203 Extra"]
[Source "ChessBase"]
[SourceDate "2021.09.30"]
[SourceVersion "1"]
[SourceVersionDate "2021.09.30"]
[SourceQuality "1"]

1. Nf3 Nf6 2. b3 g6 3. Bb2 Bg7 4. c4 0-0 5. g3 b6 6. Bg2 Bb7 7. 0-0 d6 8. d4 Nbd7 9. d5 c6 10. dxc6 Bxc6 11. Nc3 a6 12. Rc1 Rc8 13. Qd2 Nc5 14. Rfd1 Qd7 15. b4 Na4 16. Nxa4 Bxa4 17. Bxf6 Bxf6 18. Re1 Bc6 19. e4 Rfd8 20. Qh6 Bg7 21. Qh4 Qe8 22. Qf4 h6 23. h4 a5 24. bxa5 bxa5 25. h5 g5 26. Qe3 Qd7 27. Nh2 Rb8 28. Rb1 Qe6 29. Qd3 Qe5 30. Ng4 Qc5 31. Ne3 Rb4 32. Nf5 Rd7 33. a3 Rxc4 34. Rb8+ Kh7 35. e5 dxe5 36. Nd4+ e4 37. Bxe4+ Bxe4 38. Qxe4+ f5 39. Qe6 1-0

[Event "Mexico City Fenamac IM-2 1st"]
[Site "Mexico City"]
[Date "2021.05.08"]
[Round "5"]
[White "Quiroga Jaquez, Angel Ivan"]
[Black "Otero Acosta, Diasmany"]
[Result "1/2-1/2"]
[WhiteElo "2214"]
[BlackElo "2366"]
[PlyCount "104"]
[EventDate "2021.05.05"]
[EventType "tourn"]
[EventRounds "9"]
[EventCountry "MEX"]
[EventCategory "1"]
[SourceTitle "CBM 202 Extra"]
[Source "ChessBase"]
[SourceDate "2021.07.31"]
[SourceVersion "1"]
[SourceVersionDate "2021.07.31"]
[SourceQuality "1"]

1. Nf3 f5 2. d3 Nc6 3. e4 e5 4. Nc3 Bb4 5. Bd2 Nf6 6. Nd5 Bxd2+ 7. Qxd2 d6 8. Nxf6+ Qxf6 9. Be2 0-0 10. 0-0-0 fxe4 11. dxe4 Bg4 12. c3 Qf4 13. h3 Bh5 14. Rhe1 h6 15. Qxf4 Rxf4 16. Nd2 Bf7 17. f3 g5 18. Bc4 h5 19. Bxf7+ Kxf7 20. Rh1 Rg8 21. Rdf1 Ke6 22. Nc4 Ne7 23. Ne3 c6 24. Rd1 d5 25. exd5+ cxd5 26. Rhe1 Rc8 27. Kb1 Rc5 28. Nc2 a5 29. Re2 Ng6 30. Ne1 Rc7 31. Nd3 Rf5 32. Red2 Nf4 33. Nxf4+ exf4 34. Re2+ Re5 35. Rde1 Rxe2 36. Rxe2+ Kf6 37. Re8 g4 38. Rf8+ Ke5 39. Re8+ Kf6 40. Rf8+ Ke5 41. Re8+ Kf6 42. Rf8+ Ke5 43. Rh8 gxf3 44. gxf3 Rg7 45. Rxh5+ Ke6 46. Rh4 Kf5 47. Rg4 Re7 48. Rg2 Re3 49. Rf2 Kg5 50. Rg2+ Kf5 51. h4 Ke6 52. Rg1 Rxf3 1/2-1/2

[Event "Mexico City Fenamac IM-2 1st"]
[Site "Mexico City"]
[Date "2021.05.07"]
[Round "4"]
[White "Fernandez Hernandez, Arturo Augusto"]
[Black "Quiroga Jaquez, Angel Ivan"]
[Result "1-0"]
[WhiteElo "2319"]
[BlackElo "2214"]
[PlyCount "75"]
[EventDate "2021.05.05"]
[EventType "tourn"]
[EventRounds "9"]
[EventCountry "MEX"]
[EventCategory "1"]
[SourceTitle "CBM 202 Extra"]
[Source "ChessBase"]
[SourceDate "2021.07.31"]
[SourceVersion "1"]
[SourceVersionDate "2021.07.31"]
[SourceQuality "1"]

1. e4 e5 2. Nf3 Nc6 3. d4 exd4 4. Nxd4 Nf6 5. Nxc6 bxc6 6. e5 Qe7 7. Qe2 Nd5 8. h4 a5 9. Bg5 Qc5 10. c4 Ba6 11. Qe4 h6 12. Bd2 Nb6 13. b3 0-0-0 14. a3 f6 15. Bc3 fxe5 16. b4 Qe7 17. c5 Bxf1 18. cxb6 Ba6 19. bxc7 Kxc7 20. b5 Bxb5 21. Bxa5+ Kc8 22. Nc3 d5 23. Qf5+ Qd7 24. Qc2 Bc4 25. Na4 Qa7 26. Nb6+ Kb7 27. Nxc4 dxc4 28. Bxd8 Bb4+ 29. Ke2 Rf8 30. f3 Bc5 31. Rhd1 Bd4 32. Rab1+ Kc8 33. Qxc4 Kxd8 34. Qxc6 Rf6 35. Qd5+ Ke8 36. Rb7 Qa6+ 37. Rd3 e4 38. Qd7+ 1-0

[Event "Mexico City Fenamac IM-2 1st"]
[Site "Mexico City"]
[Date "2021.05.07"]
[Round "2"]
[White "Figueredo Losada, Leonel"]
[Black "Quiroga Jaquez, Angel Ivan"]
[Result "1/2-1/2"]
[WhiteElo "2369"]
[BlackElo "2214"]
[PlyCount "66"]
[EventDate "2021.05.05"]
[EventType "tourn"]
[EventRounds "9"]
[EventCountry "MEX"]
[EventCategory "1"]
[SourceTitle "CBM 202 Extra"]
[Source "ChessBase"]
[SourceDate "2021.07.31"]
[SourceVersion "1"]
[SourceVersionDate "2021.07.31"]
[SourceQuality "1"]

1. d4 Nf6 2. c4 e6 3. g3 b6 4. Bg2 d5 5. Nc3 Bb7 6. Nf3 Nbd7 7. cxd5 exd5 8. 0-0 Be7 9. Ne5 c6 10. f4 0-0 11. e3 Ne8 12. e4 Ndf6 13. exd5 cxd5 14. Qa4 Nd6 15. Be3 a6 16. Qb3 Nde4 17. Rac1 Nxc3 18. Rxc3 b5 19. Nc6 Bxc6 20. Rxc6 Qd7 21. Rfc1 Rfe8 22. Kh1 h5 23. h3 Ne4 24. Kh2 Bf6 25. h4 Qg4 26. Bg1 Bxh4 27. gxh4 Qxf4+ 28. Kh3 Qg4+ 29. Kh2 Qxh4+ 30. Bh3 Qf4+ 31. Kg2 Qg5+ 32. Kh2 Qf4+ 33. Kg2 g5 1/2-1/2

[Event "FIDE World Uni Rapid-F 1st"]
[Site "Tornelo INT"]
[Date "2021.03.20"]
[Round "4"]
[White "Bencomo, Murga Francisco"]
[Black "Quiroga Jaquez, Angel Ivan"]
[Result "1-0"]
[WhiteElo "1816"]
[BlackElo "2214"]
[PlyCount "57"]
[EventDate "2021.03.20"]
[EventType "swiss (rapid)"]
[EventRounds "12"]
[EventCountry "NET"]
[SourceTitle "EXT 2022"]
[Source "ChessBase"]
[SourceDate "2021.10.06"]
[SourceVersion "1"]
[SourceVersionDate "2021.10.06"]
[SourceQuality "1"]

1. d4 Nf6 2. Nf3 e6 3. Bg5 d5 4. e3 Be7 5. Nbd2 0-0 6. Bd3 b6 7. 0-0 Bb7 8. Ne5 c5 9. c3 h6 10. Bxf6 Bxf6 11. f4 Nd7 12. Ndf3 Bxe5 13. fxe5 f5 14. exf6 Rxf6 15. Bb5 Nf8 16. Ne5 a6 17. Rxf6 Qxf6 18. Bd3 c4 19. Bc2 Rd8 20. Qe2 Nd7 21. Rf1 Qe7 22. Rf7 Qe8 23. Qg4 Qxf7 24. Nxf7 Kxf7 25. Qg6+ Kf8 26. Qxe6 Nf6 27. Bg6 Rd7 28. Qxb6 Bc8 29. Qc5+ 1-0

[Event "FIDE World Uni Rapid-F 1st"]
[Site "Tornelo INT"]
[Date "2021.03.20"]
[Round "2"]
[White "Kollias, Ioannis K"]
[Black "Quiroga Jaquez, Angel Ivan"]
[Result "0-1"]
[WhiteElo "1721"]
[BlackElo "2214"]
[PlyCount "70"]
[EventDate "2021.03.20"]
[EventType "swiss (rapid)"]
[EventRounds "12"]
[EventCountry "NET"]
[SourceTitle "EXT 2022"]
[Source "ChessBase"]
[SourceDate "2021.10.06"]
[SourceVersion "1"]
[SourceVersionDate "2021.10.06"]
[SourceQuality "1"]

1. d4 Nf6 2. Bg5 d5 3. Bxf6 gxf6 4. e3 c5 5. Nc3 Nc6 6. Nf3 Bg4 7. Be2 e6 8. Qd2 Bxf3 9. Bxf3 cxd4 10. exd4 h5 11. 0-0 Qd7 12. a3 Bh6 13. Qd3 Na5 14. Rfe1 0-0-0 15. Nb5 Kb8 16. a4 f5 17. Qc3 Nc4 18. Re2 Rc8 19. Qb4 a6 20. Na3 Bf8 21. Qb3 Bxa3 22. bxa3 Rc6 23. Qb1 Qd6 24. Qb4 a5 25. Qxd6+ Nxd6 26. Rb1 Rc3 27. Re3 Rhc8 28. Bxh5 Rxc2 29. Kf1 Ne4 30. Rd1 Nxf2 31. Rb1 Ne4 32. Rd1 Rg8 33. Bxf7 Rgxg2 34. Rb1 Rcf2+ 35. Ke1 Rg1# 0-1

[Event "FIDE World Uni Rapid-F 1st"]
[Site "Tornelo INT"]
[Date "2021.03.20"]
[Round "6"]
[White "Mirissage, Dimuth Oshadhee"]
[Black "Quiroga Jaquez, Angel Ivan"]
[Result "0-1"]
[WhiteElo "1690"]
[BlackElo "2214"]
[PlyCount "64"]
[EventDate "2021.03.20"]
[EventType "swiss (rapid)"]
[EventRounds "12"]
[EventCountry "NET"]
[SourceTitle "EXT 2022"]
[Source "ChessBase"]
[SourceDate "2021.10.06"]
[SourceVersion "1"]
[SourceVersionDate "2021.10.06"]
[SourceQuality "1"]

1. d4 Nf6 2. Nf3 e6 3. c4 b6 4. Nc3 Bb7 5. a3 d5 6. Bg5 Be7 7. e3 Nbd7 8. cxd5 exd5 9. Be2 0-0 10. 0-0 Ne4 11. Bxe7 Qxe7 12. Qb3 Nxc3 13. Qxc3 c5 14. dxc5 bxc5 15. Rfd1 d4 16. Qd2 Rfe8 17. Bb5 Bxf3 18. gxf3 Ne5 19. Qe2 Qg5+ 20. Kh1 Qh5 21. Rg1 Re6 22. Rg3 Rb8 23. a4 Rh6 24. h3 Rg6 25. Rag1 Qf5 26. f4 d3 27. Qf1 a6 28. Bxa6 Rxa6 29. fxe5 Rg6 30. f4 Rxb2 31. Qc1 Qe4+ 32. R3g2 Rgxg2 0-1

[Event "FIDE World Uni Rapid-F 1st"]
[Site "Tornelo INT"]
[Date "2021.03.20"]
[Round "5"]
[White "Quiroga Jaquez, Angel Ivan"]
[Black "Albarez Mendoza, Susana"]
[Result "1-0"]
[WhiteElo "2214"]
[BlackElo "1530"]
[PlyCount "109"]
[EventDate "2021.03.20"]
[EventType "swiss (rapid)"]
[EventRounds "12"]
[EventCountry "NET"]
[SourceTitle "EXT 2022"]
[Source "ChessBase"]
[SourceDate "2021.10.06"]
[SourceVersion "1"]
[SourceVersionDate "2021.10.06"]
[SourceQuality "1"]

1. d4 e6 2. c4 d5 3. cxd5 exd5 4. Nc3 Nf6 5. Bg5 c6 6. Qc2 Bd6 7. Bxf6 Qxf6 8. Nxd5 Qxd4 9. Nc3 0-0 10. e3 Qf6 11. Nf3 Bb4 12. Rc1 Bf5 13. Bd3 Bxd3 14. Qxd3 Rd8 15. Qc2 Bxc3+ 16. Qxc3 Qxc3+ 17. Rxc3 Na6 18. a3 Nc7 19. Ke2 Kf8 20. Rcc1 Nd5 21. Rhd1 f6 22. Nd4 Kf7 23. g3 Re8 24. Nf5 Rad8 25. Kf3 g6 26. Nd4 Nc7 27. Ne2 Ne6 28. h4 h6 29. Nf4 g5 30. Nxe6 Kxe6 31. hxg5 hxg5 32. g4 Rf8 33. Ke4 Rfe8 34. f4 Rd5 35. Rxd5 cxd5+ 36. Kf3 Kd6 37. Rh1 gxf4 38. Kxf4 Re4+ 39. Kf3 Ke6 40. Rh6 b6 41. g5 Kf7 42. Rxf6+ Kg7 43. Rd6 Re5 44. Kf4 Re4+ 45. Kf5 Rxe3 46. Rd7+ Kg8 47. Rxd5 Rf3+ 48. Kg6 Kf8 49. Rf5+ Rxf5 50. Kxf5 Kf7 51. a4 a6 52. b4 a5 53. b5 Kf8 54. Ke6 Kg7 55. Kd6 1-0

[Event "FIDE World Uni Rapid-F 1st"]
[Site "Tornelo INT"]
[Date "2021.03.20"]
[Round "3"]
[White "Quiroga Jaquez, Angel Ivan"]
[Black "Bai, Jinshi"]
[Result "0-1"]
[WhiteElo "2214"]
[BlackElo "2618"]
[PlyCount "52"]
[EventDate "2021.03.20"]
[EventType "swiss (rapid)"]
[EventRounds "12"]
[EventCountry "NET"]
[SourceTitle "EXT 2022"]
[Source "ChessBase"]
[SourceDate "2021.10.06"]
[SourceVersion "1"]
[SourceVersionDate "2021.10.06"]
[SourceQuality "1"]

1. d4 Nf6 2. c4 g6 3. Nc3 d5 4. cxd5 Nxd5 5. e4 Nxc3 6. bxc3 Bg7 7. Bc4 c5 8. Ne2 Nc6 9. Be3 0-0 10. Qd2 Qa5 11. Rd1 Rd8 12. 0-0 Bg4 13. f3 Bd7 14. e5 cxd4 15. cxd4 Qxd2 16. Bxd2 Rac8 17. Bb3 Be8 18. Bc3 e6 19. Rc1 Bf8 20. Rfd1 Ba3 21. Rb1 b6 22. d5 exd5 23. Bxd5 Ne7 24. Bb7 Rb8 25. Be4 Bc6 26. Ng3 Bc5+ 0-1

[Event "FIDE World Uni Blitz-D 1st"]
[Site "Tornelo INT"]
[Date "2021.03.13"]
[Round "4.3"]
[White "Quiroga Jaquez, Angel Ivan"]
[Black "Sorokin, Aleksey"]
[Result "0-1"]
[WhiteElo "2214"]
[BlackElo "2521"]
[PlyCount "90"]
[EventDate "2021.03.13"]
[EventType "swiss (blitz)"]
[EventRounds "10"]
[EventCountry "NET"]
[SourceTitle "EXT 2022"]
[Source "ChessBase"]
[SourceDate "2021.10.06"]
[SourceVersion "1"]
[SourceVersionDate "2021.10.06"]
[SourceQuality "1"]

1. d4 Nf6 2. c4 g6 3. Nc3 d5 4. cxd5 Nxd5 5. e4 Nxc3 6. bxc3 Bg7 7. Bc4 0-0 8. Ne2 c5 9. Be3 Nc6 10. Qd2 b6 11. Rd1 cxd4 12. cxd4 Bb7 13. 0-0 Rc8 14. Rc1 e6 15. f3 Qd6 16. h4 Rfd8 17. Rfd1 Na5 18. Bd3 Qa3 19. h5 Nc6 20. hxg6 hxg6 21. Bc4 Qa5 22. Kf2 Qxd2 23. Rxd2 Bf8 24. d5 Na5 25. Bb5 Rxc1 26. Nxc1 exd5 27. exd5 Rxd5 28. Rxd5 Bxd5 29. Bd4 Bd6 30. a4 Kf8 31. Ke3 Ke7 32. Nd3 Nc4+ 33. Ke2 Na3 34. Ba6 Bc6 35. a5 Nc2 36. Bf2 bxa5 37. Bxa7 a4 38. Bc4 a3 39. Nc5 Nb4 40. Nd3 a2 41. Bd4 Nc2 42. Bc3 a1Q 43. Bxa1 Nxa1 44. g4 Nc2 45. Nf2 Nd4+ 0-1

[Event "FIDE World Uni Blitz-D 1st"]
[Site "Tornelo INT"]
[Date "2021.03.13"]
[Round "8.9"]
[White "Quiroga Jaquez, Angel Ivan"]
[Black "Tsolakidou, Stavroula"]
[Result "0-1"]
[WhiteElo "2214"]
[BlackElo "2379"]
[PlyCount "60"]
[EventDate "2021.03.13"]
[EventType "swiss (blitz)"]
[EventRounds "10"]
[EventCountry "NET"]
[SourceTitle "EXT 2022"]
[Source "ChessBase"]
[SourceDate "2021.10.06"]
[SourceVersion "1"]
[SourceVersionDate "2021.10.06"]
[SourceQuality "1"]

1. d4 Nf6 2. c4 e6 3. Nc3 Bb4 4. e3 0-0 5. Bd2 b6 6. Nf3 Bb7 7. Bd3 d6 8. 0-0 Nbd7 9. a3 Bxc3 10. Bxc3 Ne4 11. Nd2 Nxc3 12. bxc3 f5 13. f3 e5 14. Qe2 Qf6 15. f4 g6 16. Rab1 Rae8 17. Qf2 c5 18. Rfe1 Re7 19. Bc2 Rfe8 20. Nf3 Bxf3 21. gxf3 exd4 22. exd4 Rxe1+ 23. Rxe1 Rxe1+ 24. Qxe1 cxd4 25. Qe8+ Nf8 26. Bb3 Kg7 27. cxd4 Qxd4+ 28. Kf1 Qd3+ 29. Kg2 Qxb3 30. Qe7+ Kg8 0-1

[Event "FIDE World Uni Blitz-D 1st"]
[Site "Tornelo INT"]
[Date "2021.03.13"]
[Round "2.23"]
[White "Quiroga Jaquez, Angel Ivan"]
[Black "Tsybikov, Bato"]
[Result "1-0"]
[WhiteElo "2214"]
[BlackElo "1819"]
[PlyCount "91"]
[EventDate "2021.03.13"]
[EventType "swiss (blitz)"]
[EventRounds "10"]
[EventCountry "NET"]
[SourceTitle "EXT 2022"]
[Source "ChessBase"]
[SourceDate "2021.10.06"]
[SourceVersion "1"]
[SourceVersionDate "2021.10.06"]
[SourceQuality "1"]

1. d4 Nf6 2. c4 e6 3. Nc3 d5 4. cxd5 exd5 5. Bg5 Nbd7 6. e3 c6 7. Qc2 Bd6 8. Bd3 h6 9. Bh4 0-0 10. Nf3 Re8 11. 0-0 a6 12. a4 Nf8 13. Bg3 Bxg3 14. hxg3 Ng4 15. b4 Qd6 16. b5 axb5 17. axb5 Bd7 18. bxc6 Bxc6 19. Na4 Ne6 20. Nc5 Nxc5 21. dxc5 Qf6 22. Rxa8 Rxa8 23. Nd4 Qe5 24. Be2 Nxe3 25. Nxc6 bxc6 26. fxe3 Qxe3+ 27. Kh2 Re8 28. Bf3 g6 29. Qa4 Qxc5 30. Qf4 Qe3 31. Qd6 Re6 32. Qd8+ Re8 33. Qc7 Qe6 34. Bg4 Qe7 35. Qxc6 h5 36. Bf3 d4 37. Bd5 Rf8 38. Qxg6+ Kh8 39. Qxh5+ Kg7 40. Qg4+ Kh8 41. Rf5 f6 42. Rh5+ Qh7 43. Rxh7+ Kxh7 44. Be4+ Kh8 45. Qh5+ Kg7 46. Qh7# 1-0